Felicidad y Trinidad a la luz del De trinitate de San Agustín
Salvato in:
| Autore principale: | |
|---|---|
| Natura: | Libro |
| Lingua: | spagnolo |
| Pubblicazione: |
Salamanca
Universidad Pontificia de Salamanca
2002
|
| Serie: | Koinonia, 38
|
| Soggetti: | |
| Tags: |
Aggiungi Tag
Nessun Tag, puoi essere il primo ad aggiungerne!!
|
MARC
| LEADER | 00000nam a2200000 a 4500 | ||
|---|---|---|---|
| 001 | UCL9274 | ||
| 003 | CL-VaPUC | ||
| 008 | 040730e20020000SP |||||||||||||||||spa|d | ||
| 020 | |a 848864390X | ||
| 082 | 0 | 4 | |a 230.01 |b BRO |2 21 |
| 100 | 0 | |a Brotóns Tena, Ernesto Jesús |e author |9 487096 | |
| 245 | 1 | 0 | |a Felicidad y Trinidad a la luz del De trinitate de San Agustín |
| 300 | |a 366 p | ||
| 942 | |c BK | ||
| 945 | |d 20040730 00:00:00 |a cmena | ||
| 260 | |a Salamanca |b Universidad Pontificia de Salamanca |c 2002 | ||
| 500 | |a Tesis Doctoral | ||
| 600 | 0 | |a San Agustín de Hipona |x Teólogo y filósofo cristiano |9 311590 | |
| 600 | 0 | 7 | |a SANTISIMA TRINIDAD |2 CL-VaPUC |9 347537 |
| 650 | 0 | |a Cristianismo |9 257361 | |
| 650 | 0 | |a Teología cristiana |9 308336 | |
| 650 | 0 | |a Filosofía cristiana |9 265980 | |
| 650 | 0 | |a Escuelas filosóficas |9 266232 | |
| 583 | |a last modification |c 20040730 00:00:00 |k Rodrigo Vera | ||
| 490 | 0 | |a Koinonia, 38 | |
| 999 | |c 310136 |d 310134 | ||
| 952 | |0 0 |1 0 |4 0 |6 230_010000000000000_BRO_2002 |7 0 |8 A |9 378292 |a BIBEDU |b BIBEDU |d 2019-11-21 |i 4043553 |o 230.01 BRO 2002 |p 4043553 |r 2019-11-21 |w 2019-11-21 |y BK |k FIL | ||
| 952 | |0 0 |1 0 |4 0 |6 230_010000000000000_BRO_2002 |7 0 |8 A |9 378293 |a BIBTEO |b BIBTEO |d 2019-11-21 |i 4046765 |o 230.01 BRO 2002 |p 4046765 |r 2025-01-17 |w 2019-11-21 |y BK |k ICR | ||